Giáo trình hóa lí

Saved in:
Bibliographic Details
Main Author: Nguyễn, Đình Huề
Format: Book
Language:Undetermined
Published: Hà Nội Giáo dục 2003
Subjects:
Tags: Add Tag
No Tags, Be the first to tag this record!
Institutions: Trung tâm Học liệu Trường Đại học Cần Thơ
LEADER 00533nam a2200193Ia 4500
001 CTU_94009
008 210402s9999 xx 000 0 und d
020 |c 8500 
082 |a 541.3 
082 |b H507/T.1 
100 |a Nguyễn, Đình Huề 
245 0 |a Giáo trình hóa lí 
245 0 |c Nguyễn Đình Huề 
260 |a Hà Nội 
260 |b Giáo dục 
260 |c 2003 
650 |a Chemistry, physical and theoretical 
904 |i Truc 
980 |a Trung tâm Học liệu Trường Đại học Cần Thơ